|
|
|
|
| LEADER |
01552nam a2200361 a 4500 |
| 001 |
263 |
| 003 |
BD-DhAAL |
| 005 |
20150310111626.0 |
| 008 |
150310s1995 ilua b 001 0 eng |
| 010 |
|
|
|a 94037819
|
| 020 |
|
|
|a 0256131236 (set)
|
| 020 |
|
|
|a 0256131740 (v. 1)
|
| 020 |
|
|
|a 0256131759 (v. 2)
|
| 040 |
|
|
|a DLC
|c DLC
|d DLC
|d BD-DhAAL
|
| 050 |
0 |
0 |
|a HF5635
|b .D985 1995
|
| 082 |
0 |
0 |
|a 657/.044
|2 20
|
| 100 |
1 |
|
|a Dyckman, Thomas R.
|9 8888
|
| 245 |
1 |
0 |
|a Intermediate accounting /
|c Thomas R. Dyckman, Roland E. Dukes, Charles J. Davis.
|
| 246 |
3 |
0 |
|a Accounting
|
| 250 |
|
|
|a 3rd ed.
|
| 260 |
|
|
|a Chicago :
|b Irwin,
|c c1995.
|
| 300 |
|
|
|a 1 v. (various pagings) :
|b ill. (some col.) ;
|c 29 cm.
|
| 440 |
|
4 |
|a The Irwin series in undergraduate accounting
|9 9310
|
| 504 |
|
|
|a Includes bibliographical references and indexes.
|
| 541 |
|
|
|e 263
|
| 650 |
|
0 |
|a Accounting.
|9 9311
|
| 700 |
1 |
|
|a Dukes, Roland E.
|9 9312
|
| 700 |
1 |
|
|a Davis, Charles Joseph,
|d 1950-
|9 9313
|
| 942 |
|
|
|2 ddc
|c BK
|
| 999 |
|
|
|c 33953
|d 33953
|
| 952 |
|
|
|0 0
|1 0
|2 ddc
|4 0
|6 657_044000000000000_DYC
|7 0
|9 52991
|a SCL
|b SCL
|c GEN
|d 2015-03-10
|e Gift: The Asia Foundation
|l 0
|o 657.044 DYC
|p 3020000263
|r 2015-03-10
|t 1
|w 2015-03-10
|y BK
|
| 952 |
|
|
|0 0
|1 0
|2 ddc
|4 0
|6 657_044000000000000_DYC
|7 0
|9 53099
|a SCL
|b SCL
|c GEN
|d 2015-03-14
|e Gift: The Asia Foundation
|l 1
|o 657.044 DYC
|p 3020001395
|r 2025-09-07
|s 2025-09-02
|t 2
|w 2015-03-14
|y BK
|
| 952 |
|
|
|0 0
|1 0
|2 ddc
|4 0
|6 657_044000000000000_DYC
|7 0
|9 53433
|a SCL
|b SCL
|c GEN
|d 2015-04-15
|e Gift: The Asia Foundation
|l 0
|o 657.044 DYC
|p 3020001401
|r 2015-04-15
|t 3
|w 2015-04-15
|y BK
|